000 00551nam a2200169 i 4500
001 185899
003 ES-MaACL
005 20230906222536.0
008 160819s1932 sp |||| | spa d
080 _a821.161.1-34"18"(082.2)
245 0 4 _aLos grandes cuentistas de la nueva Rusia /
_cselección y prefacio de E. González Blanco.
260 _aBarcelona :
_bJ. M. Yagúes,
_c1932.
300 _a238 p. :
_bil. ;
_c19 cm.
650 4 _aCuentos rusos-
_yS.XIX.
_9160517
700 1 _aGonzález-Blanco, Edmundo.
_958462
852 _aES-MaACL
_jA-1082
999 _c185899
_d185899